| 000 | 00694nam a2200193 i 4500 | ||
|---|---|---|---|
| 001 | 129222 | ||
| 003 | ES-MaACL | ||
| 005 | 20230906193448.0 | ||
| 007 | t| | ||
| 008 | 070608s1945 ag ||||1| spa d | ||
| 080 | _a15(082) | ||
| 080 | _a616.89(082) | ||
| 245 | 0 | 0 |
_aTemas actuales de psicología normal y patológica / _cpublicados bajo el patrimonio de la Sociedad de Psicología de Buenos Aires ; con la colaboración de José L. Alberti. |
| 260 |
_aBuenos Aires : _bEdit. Médico-quirúrgica, _c[1945] |
||
| 300 |
_a532 p. : _bil. ; _c23 cm. |
||
| 700 | 1 |
_aAlberti, José L. _919337 |
|
| 710 | 2 |
_aSociedad de Psicología de Buenos Aires. _96691 |
|
| 852 |
_aES-MaACL _jE-378 _bR.22147 |
||
| 999 |
_c129222 _d129222 |
||